| 000 | 01136cam a2200337 a 4500 | ||
|---|---|---|---|
| 001 | 3770 | ||
| 005 | 20240506150445.0 | ||
| 020 | _a0307131424 | ||
| 040 |
_aDLC _cDLC _beng |
||
| 050 | 0 | 0 |
_aPZ7.B73884 _b1999 |
| 082 | 0 | 0 | _a303 |
| 100 | 1 | _aBraybrooks, Ann | |
| 245 | 1 | 0 |
_aPooh : _bvery best friends / _cwritten Ann Braybrooks ; illustrated by Arkadia. |
| 246 | 3 | 0 | _aVery best friends |
| 260 |
_aNew York : _bGolden Books, _c1999 |
||
| 300 |
_a24 unnumbered pages : _bcolor illustrations ; _c21 cm. |
||
| 490 | _aWinnie the Pooh (Disney) (Golden Book) | ||
| 505 | _aM | ||
| 520 | _aPooh becomes concerned when he does not receive a Valentin es Day card from Christopher Robin. | ||
| 521 |
_a530
_bLexile estimate |
||
| 521 |
_aM
_bRaz-Plus |
||
| 650 | 1 |
_aBest friends _vFiction. |
|
| 650 | 1 |
_aFriendship _vFiction. |
|
| 650 | 1 |
_aValentine's Day _vFiction. |
|
| 650 | 1 |
_aBears _vFiction. |
|
| 650 | 1 |
_aToys _vFiction. |
|
| 700 | 0 |
_aArkadia, _eillustrator |
|
| 700 | 1 |
_aMilne, A. A. _q(Alan Alexander), _d1882-1956. _tWinnie the Pooh. |
|
| 906 |
_a7 _bcbc _corignew _d2 _eopcn _f19 _gy-gencatlg |
||
| 942 |
_2ddc _cBK _n0 |
||
| 999 |
_c3770 _d3770 |
||